|
|
|
|
| LEADER |
00000cam a2200000 a 4500 |
| 001 |
vtls008703470 |
| 003 |
SK-MaSNL |
| 005 |
20260301175722.0 |
| 008 |
240318s2005 xo g 000 f slo |
| 015 |
|
|
|a SNBA2006/06-03386
|
| 020 |
|
|
|a 8080612161
|q (viaz.)
|
| 035 |
|
|
|a 46883F59-BE54-4586-830A-B2055D24A05D
|
| 035 |
|
|
|a urn:nbn:sk:snk-aml9z4
|
| 035 |
|
|
|a urn:nbn:sk:snk-am008r1n
|
| 040 |
|
|
|a SNK
|b slo
|c SNK
|e AACR2
|
| 041 |
0 |
|
|a slo
|
| 044 |
|
|
|a xo
|c SK
|
| 044 |
|
|
|a xo
|c SK
|c SK
|
| 072 |
|
7 |
|a 821.162.4-3
|x Slovenská próza
|2 konspekt
|
| 080 |
|
|
|a 821.162.4-31
|2 2001
|
| 100 |
1 |
|
|a Kočan, Mikuláš,
|d 1946-
|4 aut
|9 222464
|
| 245 |
1 |
0 |
|a Diabol
|c Mikuláš Kočan
|
| 250 |
|
|
|a 1. vyd.
|
| 260 |
|
|
|a Bratislava
|b Vydavateľstvo Spolku slovenských spisovateľov
|c c 2005
|
| 300 |
|
|
|a 143 s.
|c 21 cm
|
| 500 |
|
|
|a Ilustr. na front.
|
| 650 |
0 |
7 |
|a slovenské romány
|2 SNKPH
|9 103163
|
| 919 |
|
|
|a 80-8061-216-1
|
| 999 |
|
|
|c 843813
|d 845743
|
| 952 |
|
|
|a SNK
|b SNK
|y PREZ
|7 0
|p 17A0514239
|o snkSC 124038
|i snk2006/12820
|8 0
|0 0
|1 0
|4 0
|d 2006-06-26
|f 1
|l 0
|r 2025-06-05 00:00:00
|w 2026-02-24
|
| 952 |
|
|
|a SNK
|b SNK
|y PREZ
|7 0
|p 17A0514240
|o snkSC 124038 D1
|i snk2006/12821
|8 0
|0 0
|1 0
|4 0
|d 2006-06-26
|l 0
|r 2026-02-24 04:19:03
|w 2026-02-24
|